000 00786nam a22002297a 4500
001 48485
003 BD-RjUL
005 20211209054531.0
008 160814s1954 ii ||||| |||| 00| 0 ben d
020 _c: IRs 2.50
035 _a(BD-RjUL)48604
040 _aBD-RjUL
_bben
_cBD-RjUL
041 _aben
082 _223
_a891.442
_bRAP 1954
100 _aরায়, দ্বিজেন্দ্রলাল
_9119722
245 1 0 _aপরপারে /
_cদ্বিজেন্দ্রলাল রায়
260 _aকলিকাতা :
_bগুরুদাস,
_c১৯৫৪ [১৩৬১]
300 _a১৬৭ পৃ. ;
_c১৭ সেমি.
650 _aবাংলা নাটক
_9146593
650 _aBengali Drama
_9146594
942 _2ddc
_cBK
999 _c48485
_d48485